[Event "Tradewise Gibraltar Chess Festival 2014 "]
[Site "The Caleta Hotel - Gibraltar"]
[Date "2014.01.31"]
[Round "4.80"]
[White "Martinez Reyes, Pedro Ramon"]
[Black "Walton, Alan J"]
[Result "1-0"]
[WhiteElo "2246"]
[BlackElo "2083"]
[PlyCount "79"]
[EventDate "2014.01.28"]

1. e4 e6 2. d4 d5 3. Nd2 Be7 4. Ngf3 Nf6 5. Bd3 c5 6. exd5 exd5 7. dxc5 Bxc5 8.
Nb3 Qe7+ 9. Be2 Bd6 10. O-O O-O 11. Bg5 Be6 12. Qd4 Nbd7 13. Bd3 h6 14. Bh4
Rfc8 15. Bg3 Bxg3 16. hxg3 Nc5 17. Rfe1 Qc7 18. Nxc5 Qxc5 19. Qxc5 Rxc5 20. Nd4
Bd7 21. f3 Kf8 22. Kf2 Rac8 23. g4 a6 24. Kg3 Ne8 25. Re5 Nc7 26. Rae1 Re8 27.
Rxe8+ Bxe8 28. Kf4 Nb5 29. Bxb5 Bxb5 30. Ke5 Rc8 31. Kd6 Bc6 32. Re3 g6 33. Kc5
Bb5+ 34. Kb6 Bc6 35. c3 Kg7 36. a4 Bxa4 37. Kxb7 Re8 38. Rxe8 Bxe8 39. Kxa6 Kf6
40. b4 1-0

[Event "Tradewise Gibraltar Chess Festival 2014 "]
[Site "The Caleta Hotel - Gibraltar"]
[Date "2014.01.31"]
[Round "4.81"]
[White "Kandic, Milan"]
[Black "De Haan, Eric"]
[Result "0-1"]
[WhiteElo "2080"]
[BlackElo "2303"]
[PlyCount "62"]
[EventDate "2014.01.28"]

1. e4 c5 2. Nf3 e6 3. d3 Nc6 4. Qe2 Nge7 5. g3 g6 6. Bg2 Bg7 7. O-O O-O 8. c3
b6 9. Re1 e5 10. c4 d6 11. h3 Be6 12. Nc3 Qd7 13. Kh2 h6 14. Nd5 f5 15. Nh4 f4
16. Nxe7+ Nxe7 17. g4 Bf6 18. Nf3 Nc6 19. Bd2 Rf7 20. a3 Raf8 21. b4 h5 22.
gxh5 gxh5 23. b5 Nd8 24. Rg1 Rg7 25. a4 Kh8 26. Rh1 Rfg8 27. Rag1 Rh7 28. Ne1
Nf7 29. Qd1 Nh6 30. Bf3 Ng4+ 31. Bxg4 hxg4 0-1

[Event "Tradewise Gibraltar Chess Festival 2014 "]
[Site "The Caleta Hotel - Gibraltar"]
[Date "2014.01.31"]
[Round "4.82"]
[White "Suez-Panama, Gilles"]
[Black "Lombaers, Peter"]
[Result "0-1"]
[WhiteElo "2071"]
[BlackElo "2255"]
[PlyCount "64"]
[EventDate "2014.01.28"]

1. d4 f5 2. Nf3 Nf6 3. g3 g6 4. c3 Bg7 5. Qb3 e6 6. Bg2 O-O 7. O-O Nc6 8. Bf4
d6 9. Nbd2 h6 10. Nc4 Kh7 11. Rae1 Qe8 12. h4 Nh5 13. e3 e5 14. e4 exf4 15.
exf5 Qf7 16. g4 Nf6 17. g5 Nh5 18. fxg6+ Qxg6 19. d5 Ne5 20. Rxe5 dxe5 21.
Ncxe5 Qd6 22. g6+ Kg8 23. Re1 Bf5 24. c4 b6 25. c5 bxc5 26. Nf7 Rxf7 27. gxf7+
Kxf7 28. Re6 Bxe6 29. dxe6+ Ke7 30. Ne5 Bxe5 31. Bxa8 Qxe6 32. Qf3 Nf6 0-1

[Event "Tradewise Gibraltar Chess Festival 2014 "]
[Site "The Caleta Hotel - Gibraltar"]
[Date "2014.01.31"]
[Round "4.83"]
[White "Hughes, Roy"]
[Black "Gajic, Mladen"]
[Result "0-1"]
[WhiteElo "2027"]
[BlackElo "2246"]
[PlyCount "56"]
[EventDate "2014.01.28"]

1. d4 d5 2. Bf4 Nf6 3. Nf3 Bf5 4. e3 e6 5. Be2 Ne4 6. Nbd2 Be7 7. c4 g5 8. Bg3
g4 9. Ne5 Bb4 10. Qa4+ Nc6 11. O-O-O Bxd2+ 12. Rxd2 Nxd2 13. Nxc6 Qd7 14. Kxd2
Qxc6 15. Qxc6+ bxc6 16. Bxc7 Kd7 17. Be5 Rhc8 18. cxd5 cxd5 19. Bb5+ Ke7 20.
Ba4 Be4 21. Rg1 Rc4 22. Bb3 Rc6 23. h3 gxh3 24. f3 Bg6 25. g4 Rac8 26. Bd1 Rc2+
27. Bxc2 Rxc2+ 28. Ke1 h2 0-1

[Event "Tradewise Gibraltar Chess Festival 2014 "]
[Site "The Caleta Hotel - Gibraltar"]
[Date "2014.01.31"]
[Round "4.84"]
[White "Semprun Martinez, Fernando"]
[Black "Dasaolu, Rotimi"]
[Result "1-0"]
[WhiteElo "2227"]
[BlackElo "2077"]
[PlyCount "61"]
[EventDate "2014.01.28"]

1. e4 c5 2. Nf3 e6 3. d4 cxd4 4. Nxd4 a6 5. Nc3 d6 6. Be3 Nf6 7. f3 Be7 8. Qd2
Qc7 9. O-O-O Nc6 10. g4 Nxd4 11. Bxd4 e5 12. Be3 Be6 13. g5 Nd7 14. Nd5 Bxd5
15. Qxd5 Rc8 16. Qd2 O-O 17. h4 Rfd8 18. Bh3 Qc4 19. Kb1 Rc6 20. h5 Nf8 21. Bf5
g6 22. hxg6 fxg6 23. Bh3 b5 24. Qh2 Qf7 25. Rdf1 Rc4 26. Bc1 Rc7 27. f4 exf4
28. Rxf4 Qg7 29. b3 Qe5 30. Bb2 Qxg5 31. Be6+ 1-0

[Event "Tradewise Gibraltar Chess Festival 2014 "]
[Site "The Caleta Hotel - Gibraltar"]
[Date "2014.01.31"]
[Round "4.85"]
[White "Goncalves, Jose Antonio Silvei"]
[Black "Sanchez Castillo, Sarai Caroli"]
[Result "0-1"]
[WhiteElo "1999"]
[BlackElo "2219"]
[PlyCount "80"]
[EventDate "2014.01.28"]

1. d4 d5 2. c4 c6 3. cxd5 cxd5 4. Nc3 Nc6 5. Nf3 Nf6 6. Bf4 g6 7. h3 Bg7 8. e3
a6 9. Bd3 O-O 10. O-O b5 11. Ne5 Bb7 12. Nxc6 Bxc6 13. Be5 Nd7 14. Bxg7 Kxg7
15. a4 Qb6 16. a5 Qc7 17. b4 Qd6 18. Qb3 Rac8 19. Qb2 Nf6 20. Ne2 Bd7 21. Rac1
Bf5 22. Rxc8 Rxc8 23. Rc1 Bxd3 24. Rxc8 Bxe2 25. Qxe2 Qxb4 26. Qa2 e6 27. Qa1
Ne4 28. Rc2 h5 29. Kf1 Nd2+ 30. Ke2 Nc4 31. Qc3 Qa4 32. Rc1 b4 33. Ra1 Qb5 34.
Qd3 b3 35. Rb1 b2 36. Kd1 Qxa5 37. Qc2 Qb4 38. Ke2 a5 39. e4 a4 40. exd5 exd5
0-1

[Event "Tradewise Gibraltar Chess Festival 2014 "]
[Site "The Caleta Hotel - Gibraltar"]
[Date "2014.01.31"]
[Round "4.86"]
[White "Spence, David J"]
[Black "Verneuil, Pascal"]
[Result "1-0"]
[WhiteElo "2216"]
[BlackElo "2065"]
[PlyCount "59"]
[EventDate "2014.01.28"]

1. e4 c5 2. c3 g6 3. d4 Bg7 4. dxc5 b6 5. Bc4 Nc6 6. Nf3 bxc5 7. Qd5 e6 8. Qxc5
Qe7 9. Qxe7+ Ngxe7 10. Na3 O-O 11. Bf4 d5 12. exd5 Nxd5 13. Bxd5 exd5 14. Nb5
a6 15. Nbd4 Nxd4 16. Nxd4 Bxd4 17. cxd4 Bf5 18. Kd2 Rfc8 19. Rac1 Rxc1 20. Rxc1
Rc8 21. Rc5 Rxc5 22. dxc5 Kf8 23. Bd6+ Ke8 24. c6 Kd8 25. Kc3 Be4 26. Kd4 Bxg2
27. b4 Bf1 28. a4 Bc4 29. Kc5 Bb3 30. b5 1-0

[Event "Tradewise Gibraltar Chess Festival 2014 "]
[Site "The Caleta Hotel - Gibraltar"]
[Date "2014.01.31"]
[Round "4.87"]
[White "Khachatourian, Yerazik"]
[Black "Stenzel, Thomas"]
[Result "0-1"]
[WhiteElo "1955"]
[BlackElo "2216"]
[PlyCount "76"]
[EventDate "2014.01.28"]

1. e4 e6 2. d4 d5 3. Nc3 Nc6 4. Nf3 Nf6 5. e5 Ne4 6. Ne2 f6 7. Ng3 fxe5 8. Bd3
Nxg3 9. hxg3 e4 10. Nh4 exd3 11. Qh5+ Kd7 12. c3 Kd6 13. Bf4+ Kd7 14. O-O-O Ne7
15. Rxd3 Qe8 16. Qe5 Qd8 17. Re1 Kc6 18. Qh5 b6 19. Rf3 Kb7 20. Bg5 Bd7 21.
Rfe3 Qe8 22. Qd1 Nc6 23. c4 Qf7 24. c5 h6 25. Rf3 Qh5 26. Be3 g5 27. g4 Qe8 28.
b4 b5 29. a4 a6 30. Bxg5 hxg5 31. Nf5 Qg6 32. Ne3 Nxb4 33. Nf1 bxa4 34. Qd2 a5
35. Ra3 Rh1 36. Qc3 Bb5 37. c6+ Ka7 38. Qg3 Qc2# 0-1

[Event "Tradewise Gibraltar Chess Festival 2014 "]
[Site "The Caleta Hotel - Gibraltar"]
[Date "2014.01.31"]
[Round "4.88"]
[White "Zvarik, Martin"]
[Black "Freuler, Roman"]
[Result "0-1"]
[WhiteElo "2216"]
[BlackElo "2048"]
[PlyCount "56"]
[EventDate "2014.01.28"]

1. e4 c5 2. c3 Nf6 3. d3 Nc6 4. Nf3 d6 5. Be2 e6 6. O-O Be7 7. Re1 O-O 8. Bf1
b5 9. d4 b4 10. Nbd2 a5 11. Bb5 Qb6 12. Bxc6 Qxc6 13. e5 Nd7 14. Ne4 bxc3 15.
bxc3 cxd4 16. Nxd4 Qa6 17. exd6 Bxd6 18. Nxe6 Bxh2+ 19. Kxh2 Qxe6 20. Rb1 Nf6
21. Ng5 Qxa2 22. Rb2 Qc4 23. Qd6 h6 24. Nf3 Qxc3 25. Rd2 Qb4 26. Qg3 Ne4 27.
Qe5 Nxd2 28. Nxd2 Qb8 0-1

[Event "Tradewise Gibraltar Chess Festival 2014 "]
[Site "The Caleta Hotel - Gibraltar"]
[Date "2014.01.31"]
[Round "4.89"]
[White "Bucknell, Malcolm Gordon"]
[Black "Al-Tamimi, Hamad"]
[Result "1/2-1/2"]
[WhiteElo "1947"]
[BlackElo "2211"]
[PlyCount "60"]
[EventDate "2014.01.28"]

1. d4 d5 2. Nf3 Nf6 3. g3 c6 4. Bg2 Bf5 5. O-O e6 6. c4 Nbd7 7. cxd5 cxd5 8.
Nc3 Be7 9. Bf4 O-O 10. Qb3 Nh5 11. Be3 Qb6 12. Rfc1 Rfc8 13. Ne5 Nhf6 14. h3 h6
15. g4 Bh7 16. Qxb6 Nxb6 17. Bf4 a6 18. e3 Nc4 19. Na4 Nxe5 20. Bxe5 Nd7 21.
Bc7 Kf8 22. Nb6 Nxb6 23. Bxb6 Ke8 24. Bf1 Kd7 25. a3 Rxc1 26. Rxc1 Rc8 27. Rxc8
Kxc8 28. Be2 Kd7 29. Kf1 Kc6 30. Ba5 Bc2 1/2-1/2

[Event "Tradewise Gibraltar Chess Festival 2014 "]
[Site "The Caleta Hotel - Gibraltar"]
[Date "2014.01.31"]
[Round "4.90"]
[White "Barrenechea Bahamonde, Gustavo"]
[Black "Stewart, Ashley"]
[Result "0-1"]
[WhiteElo "2208"]
[BlackElo "2038"]
[PlyCount "50"]
[EventDate "2014.01.28"]

1. e4 c5 2. Nf3 g6 3. d4 cxd4 4. Qxd4 Nf6 5. e5 Nc6 6. Qa4 Nd5 7. Qb3 Nc7 8.
Bc4 Ne6 9. Bxe6 dxe6 10. O-O Bg7 11. Bf4 O-O 12. Qe3 Qa5 13. Nbd2 b6 14. a3 Bb7
15. c4 Rad8 16. b4 Qa4 17. Rfc1 Rd7 18. Ne4 Rfd8 19. c5 Rd1+ 20. Ne1 Rxc1 21.
Rxc1 Qa6 22. cxb6 axb6 23. Ng5 Nd4 24. Rd1 Ne2+ 25. Kh1 Rxd1 0-1

[Event "Tradewise Gibraltar Chess Festival 2014 "]
[Site "The Caleta Hotel - Gibraltar"]
[Date "2014.01.31"]
[Round "4.91"]
[White "Krokay, Urszula"]
[Black "Dolzhikova, Olga"]
[Result "0-1"]
[WhiteElo "1926"]
[BlackElo "2203"]
[PlyCount "150"]
[EventDate "2014.01.28"]

1. e4 b6 2. d4 Bb7 3. Bd3 g6 4. f4 Bg7 5. Nf3 e6 6. O-O d5 7. e5 Ba6 8. Bxa6
Nxa6 9. c4 Nb8 10. cxd5 Qxd5 11. Nc3 Qd7 12. Ne4 Nc6 13. Qd3 f5 14. exf6 Nxf6
15. Neg5 O-O-O 16. Rd1 Ng4 17. Qe4 Rde8 18. Nf7 Nf6 19. Qc2 Nb4 20. Qc4 Qxf7
21. Qxb4 Nd5 22. Qc4 Kb7 23. Bd2 Rc8 24. b4 c6 25. a4 Qd7 26. Qa2 Ka8 27. b5 c5
28. a5 cxd4 29. axb6 Nxb6 30. Be3 Rc4 31. Qa5 Rb8 32. Bf2 Rb7 33. Rd3 Nc8 34.
Qd2 Rxb5 35. Nxd4 Bxd4 36. Rxd4 Rxd4 37. Qxd4 Qxd4 38. Bxd4 Rd5 39. Be5 Kb7 40.
Rc1 Rd7 41. Kf2 Nb6 42. Kf3 a5 43. g4 Nd5 44. Ke4 Ne7 45. Bf6 Nc6 46. h4 Rd2
47. f5 exf5+ 48. gxf5 Rf2 49. Rc5 Kb6 50. Rd5 a4 51. Bh8 gxf5+ 52. Rxf5 Re2+
53. Kd3 Re7 54. Rg5 a3 55. Bc3 Rf7 56. Rg2 Rf4 57. Rh2 Kb5 58. Kc2 Ka4 59. Rh1
Rf2+ 60. Kd3 a2 61. Kc4 Rf4+ 62. Kc5 Kb3 63. Ba1 Rc4+ 64. Kd6 Nb4 65. Ke6 h5
66. Bh8 Nc2 67. Kd5 Ne3+ 68. Ke6 Re4+ 69. Kf7 Nf5 70. Ba1 Rxh4 71. Rxh4 Nxh4
72. Kf6 Nf3 73. Kf5 Kc2 74. Kf4 Nd2 75. Kg5 Kb1 0-1

[Event "Tradewise Gibraltar Chess Festival 2014 "]
[Site "The Caleta Hotel - Gibraltar"]
[Date "2014.01.31"]
[Round "4.92"]
[White "Othman, Mustapha"]
[Black "Veltkamp, Gerben"]
[Result "0-1"]
[WhiteElo "1905"]
[BlackElo "2202"]
[PlyCount "40"]
[EventDate "2014.01.28"]

1. e4 e5 2. Nf3 Nc6 3. Bc4 Nf6 4. d3 Be7 5. O-O O-O 6. Re1 d6 7. c3 Be6 8. Nbd2
Qd7 9. b4 Rae8 10. Qb3 Kh8 11. Bb2 Nh5 12. Bxe6 fxe6 13. Rad1 Nf4 14. Nc4 Nh3+
15. Kf1 Bh4 16. b5 Nd8 17. Re2 Rxf3 18. gxf3 Qf7 19. Nd2 Qg6 20. Ke1 Bxf2+ 0-1

[Event "Tradewise Gibraltar Chess Festival 2014 "]
[Site "The Caleta Hotel - Gibraltar"]
[Date "2014.01.31"]
[Round "4.93"]
[White "Zachariassen, John"]
[Black "Tscharotschkin, Michael"]
[Result "0-1"]
[WhiteElo "1894"]
[BlackElo "2201"]
[PlyCount "54"]
[EventDate "2014.01.28"]

1. c4 e5 2. g3 Nc6 3. Bg2 Nf6 4. d3 Bc5 5. Nc3 h6 6. Nf3 d6 7. O-O Bg4 8. h3
Be6 9. Bd2 Qd7 10. Kh2 g5 11. a3 a5 12. Nb5 g4 13. Nh4 gxh3 14. Bf3 Rb8 15. Nc3
Nd4 16. Ne4 Nxe4 17. Bxe4 a4 18. Rb1 b5 19. e3 Nb3 20. Bc3 b4 21. axb4 Bxb4 22.
Qf3 Ke7 23. Bc6 Bg4 24. Qe4 Qc8 25. d4 Bxc3 26. bxc3 Nd2 27. Rxb8 Nxf1+ 0-1

[Event "Tradewise Gibraltar Chess Festival 2014 "]
[Site "The Caleta Hotel - Gibraltar"]
[Date "2014.01.31"]
[Round "4.94"]
[White "Gikas, Andreas Basilius"]
[Black "Weinstein, Shaul"]
[Result "1/2-1/2"]
[WhiteElo "2189"]
[BlackElo "2025"]
[PlyCount "92"]
[EventDate "2014.01.28"]

1. e4 d5 2. exd5 Qxd5 3. Nc3 Qd6 4. d4 Nf6 5. Nge2 c6 6. Bf4 Qd8 7. Qd2 Nbd7 8.
Ng3 Nb6 9. Nge4 Bf5 10. Nxf6+ gxf6 11. Be2 Nd5 12. Nxd5 Qxd5 13. Bf3 Be4 14. c4
Qf5 15. Be2 Bxg2 16. Rg1 Qe4 17. O-O-O Bf3 18. Bxf3 Qxf3 19. Rg3 Qe4 20. Re1
Qf5 21. Rf3 Bh6 22. Qe3 Bxf4 23. Rxf4 Qe6 24. Qxe6 fxe6 25. Rxe6 Kd7 26. Rfe4
Rae8 27. Kd2 Rhg8 28. h4 h5 29. d5 cxd5 30. cxd5 Rg4 31. Kd3 Rxe4 32. Rxe4 Rg8
33. Ra4 a6 34. Rb4 b5 35. a4 Rg2 36. axb5 axb5 37. Ke3 Rh2 38. Kf3 Kd6 39. Kg3
Rh1 40. Rxb5 Rg1+ 41. Kh3 Rh1+ 42. Kg3 Rg1+ 43. Kh2 Rg4 44. Kh3 Rf4 45. Kg3
Rg4+ 46. Kh3 Rf4 1/2-1/2

[Event "Tradewise Gibraltar Chess Festival 2014 "]
[Site "The Caleta Hotel - Gibraltar"]
[Date "2014.01.31"]
[Round "4.95"]
[White "Machlik, Jon"]
[Black "Mihajlov, Sebastian"]
[Result "0-1"]
[WhiteElo "1891"]
[BlackElo "2185"]
[PlyCount "68"]
[EventDate "2014.01.28"]

1. e4 e5 2. Nf3 Nc6 3. Bc4 Bc5 4. b4 Bxb4 5. c3 Ba5 6. d4 exd4 7. O-O Nge7 8.
cxd4 d5 9. exd5 Nxd5 10. Qb3 Be6 11. Qxb7 Ndb4 12. Bb5 O-O 13. Bxc6 Rb8 14.
Qxa7 Nxc6 15. Qa6 Rb6 16. Qd3 Nb4 17. Qd1 Bc4 18. a3 Nc6 19. d5 Bxf1 20. Kxf1
Rb5 21. Qc2 Rxd5 22. Nc3 Nd4 23. Nxd4 Rxd4 24. Be3 Rc4 25. Bd2 Qf6 26. Rc1 Bb6
27. Be1 Qc6 28. Qb3 Re8 29. Rd1 Qc5 30. Rd3 h6 31. Nd1 Qe5 32. Ne3 Rc1 33. g3
Qa1 34. Rd1 Bxe3 0-1

[Event "Tradewise Gibraltar Chess Festival 2014 "]
[Site "The Caleta Hotel - Gibraltar"]
[Date "2014.01.31"]
[Round "4.96"]
[White "Urbina Perez, Juan Antonio"]
[Black "Hamer, Martyn"]
[Result "1-0"]
[WhiteElo "2183"]
[BlackElo "2017"]
[PlyCount "71"]
[EventDate "2014.01.28"]

1. e4 Nf6 2. e5 Nd5 3. d4 d6 4. Nf3 Bg4 5. Be2 c6 6. O-O Bxf3 7. Bxf3 dxe5 8.
dxe5 e6 9. Qe2 Nd7 10. c4 Ne7 11. g3 Ng6 12. Be4 Ngxe5 13. f4 Ng6 14. f5 Bc5+
15. Kg2 Ne7 16. fxe6 fxe6 17. Bg5 Qa5 18. a3 Bd4 19. Bxe7 Kxe7 20. Bf5 Be5 21.
Bh3 Rae8 22. Nc3 Rhf8 23. Ne4 h6 24. Qg4 Kd8 25. Rfd1 Re7 26. b4 Qb6 27. Ra2
Kc8 28. Rxd7 Kxd7 29. Nc5+ Ke8 30. Qg6+ Rff7 31. Bxe6 Qd8 32. Rf2 Bf6 33. Bxf7+
Rxf7 34. Re2+ Be7 35. Nxb7 Qd1 36. Qxc6+ 1-0

[Event "Tradewise Gibraltar Chess Festival 2014 "]
[Site "The Caleta Hotel - Gibraltar"]
[Date "2014.01.31"]
[Round "4.97"]
[White "Valenti, Giuseppe"]
[Black "Mehringer, Joerg"]
[Result "1-0"]
[WhiteElo "2172"]
[BlackElo "1961"]
[PlyCount "149"]
[EventDate "2014.01.28"]

1. e4 e5 2. Nf3 Nc6 3. Bb5 f5 4. d3 fxe4 5. dxe4 Nf6 6. O-O Bc5 7. Nc3 O-O 8.
Qd3 d6 9. Qc4+ Kh8 10. Bxc6 bxc6 11. b4 Bb6 12. Qxc6 Bg4 13. Nd2 Bd4 14. Nb3
Bd7 15. Qc4 Bxc3 16. Qxc3 Nxe4 17. Qd3 Bf5 18. Qe3 Nf6 19. c4 Qe8 20. Bd2 Qg6
21. Qg5 Qxg5 22. Bxg5 Bd3 23. Rfc1 Ng4 24. f3 Nf6 25. Rc3 Bf5 26. Re1 Rfe8 27.
a3 Nd7 28. Kf2 h6 29. Bc1 g5 30. Rd1 Nf6 31. Na5 Kg7 32. h3 Bd7 33. Re3 Re7 34.
Bb2 Kf7 35. c5 Re6 36. cxd6 cxd6 37. Nc4 Ke7 38. Ree1 Ne8 39. Rd2 Rc8 40. Ne3
Bc6 41. Nf5+ Kf7 42. Re3 h5 43. g4 Rf6 44. Red3 hxg4 45. hxg4 Bb7 46. Bxe5 Rxf5
47. gxf5 Ba6 48. Rxd6 Nxd6 49. Rxd6 Rc2+ 50. Kg3 Bf1 51. Kg4 Rg2+ 52. Kh5 a6
53. Rd7+ Ke8 54. Rg7 Be2 55. Kg6 Bxf3 56. Kf6 Bd5 57. Rxg5 Rxg5 58. Kxg5 Kf7
59. Kf4 Bb3 60. Bb2 Bc2 61. Ke5 Bd3 62. f6 Bb5 63. Kd6 Bc4 64. Kc5 Bb3 65. Kb6
Bc4 66. a4 Ke8 67. b5 axb5 68. axb5 Kd7 69. Kc5 Bd3 70. b6 Ba6 71. Kd5 Bb7+ 72.
Ke5 Ba6 73. Kf5 Bd3+ 74. Kg5 Bc4 75. Kh6 1-0

[Event "Tradewise Gibraltar Chess Festival 2014 "]
[Site "The Caleta Hotel - Gibraltar"]
[Date "2014.01.31"]
[Round "4.98"]
[White "Kvisla, Johannes Luangtep"]
[Black "Henrichsen, Jens"]
[Result "1-0"]
[WhiteElo "2154"]
[BlackElo "1946"]
[PlyCount "79"]
[EventDate "2014.01.28"]

1. e4 e5 2. Nf3 Nc6 3. Bb5 a6 4. Ba4 Nf6 5. Qe2 d6 6. c3 Be7 7. h3 b5 8. Bc2
Bb7 9. O-O O-O 10. Rd1 Re8 11. d3 h6 12. Nbd2 Bf8 13. Nf1 g6 14. a4 d5 15. Ng3
Bg7 16. Bb3 Na5 17. Ba2 bxa4 18. Bb1 c5 19. Rxa4 Bc6 20. Ra3 c4 21. d4 exd4 22.
Nxd4 Bb5 23. Qf3 Nd7 24. exd5 Ne5 25. Qf4 Nd3 26. Bxd3 cxd3 27. Nxb5 axb5 28.
Rxd3 g5 29. Qd2 Bf8 30. b4 Nc4 31. Rxa8 Qxa8 32. Qd1 Bd6 33. Nf5 Kh7 34. g3 Qd8
35. Ne3 Ne5 36. Rd4 Qf6 37. Kg2 Rc8 38. Bb2 Ra8 39. Qc2+ Kg8 40. Qf5 1-0

[Event "Tradewise Gibraltar Chess Festival 2014 "]
[Site "The Caleta Hotel - Gibraltar"]
[Date "2014.01.31"]
[Round "4.99"]
[White "Lercel, Michal"]
[Black "Agbabishvili, Lali"]
[Result "0-1"]
[WhiteElo "2150"]
[BlackElo "1941"]
[PlyCount "134"]
[EventDate "2014.01.28"]

1. e4 c5 2. Nf3 d6 3. c3 Nf6 4. h3 Nc6 5. Bd3 g6 6. O-O Bg7 7. Bc2 O-O 8. d4
Nd7 9. Na3 a6 10. Nc4 b5 11. Ne3 cxd4 12. cxd4 Nb6 13. Re1 Bd7 14. Nd5 h6 15.
Nxb6 Qxb6 16. Be3 Qb7 17. Qd2 Kh7 18. h4 e5 19. Bb3 Bg4 20. Nh2 exd4 21. Nxg4
dxe3 22. Nxe3 Rad8 23. Rac1 Nd4 24. Bd5 Qe7 25. h5 Qg5 26. Qd1 Rd7 27. Qg4 Qxg4
28. Nxg4 gxh5 29. Ne3 Be5 30. Kf1 Ne6 31. Re2 Nf4 32. Rd2 Nxd5 33. Nxd5 f5 34.
exf5 Rxf5 35. Ne3 Rff7 36. Ke2 Rc7 37. Rh1 Kg6 38. g3 Rc6 39. f4 Bg7 40. Kf3
Rf8 41. b3 Re8 42. Rhd1 Bf8 43. Nd5 a5 44. Rh1 Rc5 45. a3 Bg7 46. b4 axb4 47.
axb4 Rc4 48. f5+ Kxf5 49. Ne3+ Ke6 50. Nxc4 bxc4 51. Re2+ Be5 52. Rxh5 Kd5 53.
Rd2+ Kc6 54. Rxh6 Kb5 55. Re2 Kxb4 56. g4 Rf8+ 57. Kg2 c3 58. Re4+ Kb3 59. Rh7
Rf4 60. Re2 Rxg4+ 61. Kf3 Rb4 62. Rc7 Bd4 63. Re1 c2 64. Ke2 Kb2 65. Kd3 Bc5
66. Re2 Rd4+ 67. Ke3 Kc3 0-1

[Event "Tradewise Gibraltar Chess Festival 2014 "]
[Site "The Caleta Hotel - Gibraltar"]
[Date "2014.01.31"]
[Round "4.100"]
[White "Byron, Alan M"]
[Black "Dennis, Nigel W"]
[Result "1-0"]
[WhiteElo "2147"]
[BlackElo "1848"]
[PlyCount "177"]
[EventDate "2014.01.28"]

1. e4 c5 2. Nf3 d6 3. d4 cxd4 4. Nxd4 Nf6 5. Nc3 e6 6. Be2 Be7 7. Be3 Nc6 8.
O-O a6 9. Kh1 Qc7 10. f4 O-O 11. Qe1 Bd7 12. Qg3 b5 13. a3 Na5 14. e5 Ne8 15.
exd6 Bxd6 16. Ne4 Be7 17. Bd3 Nc4 18. Bc1 Nf6 19. Qf3 Rac8 20. b3 Nd6 21. Nxd6
Qxd6 22. Bb2 Qd5 23. Qe2 Qh5 24. Qxh5 Nxh5 25. c4 bxc4 26. Bxc4 a5 27. a4 Rb8
28. f5 exf5 29. Nxf5 Bf6 30. Nh6+ gxh6 31. Bxf6 Nxf6 32. Rxf6 Kg7 33. Ra6 Ra8
34. Rd6 Bf5 35. Rf1 Bg6 36. Rd7 Rad8 37. Ra7 Ra8 38. Rb7 Rab8 39. Rb5 Ra8 40.
h3 Rfd8 41. Re1 Bd3 42. Bxd3 Rxd3 43. Rb7 Kg6 44. Ree7 Rf8 45. Re5 Ra8 46. Rb6+
Kg7 47. Rf5 Ra7 48. Rh5 f6 49. Rf5 Rc7 50. Rxa5 Rc2 51. Rb4 Rb2 52. Rab5 h5 53.
Rxh5 Rdxb3 54. Rg4+ Kh8 55. Rc5 Rb8 56. Rf5 R8b6 57. Rf3 Ra2 58. Rc3 Rb8 59.
Rc7 Rg8 60. Ra7 Rxg4 61. hxg4 Ra3 62. Kh2 Kg8 63. a5 Kh8 64. a6 Kg8 65. Kg1 Ra2
66. Kf1 Kh8 67. Ke1 h6 68. Kd1 Kg8 69. Kc1 Kf8 70. Kb1 Ra5 71. Kb2 Ke8 72. Kb3
Kd8 73. Kb4 Ra1 74. Kb5 Kc8 75. Kb6 Kb8 76. Rf7 Rb1+ 77. Kc6 Ra1 78. a7+ Ka8
79. Kd6 Ra4 80. Rg7 Ra2 81. Ke6 Rxg2 82. Kxf6 h5 83. g5 h4 84. Rh7 Rf2+ 85. Kg6
Rf4 86. Kg7 Kxa7 87. g6 Kb6 88. Rh5 Kc6 89. Kh8 1-0

[Event "Tradewise Gibraltar Chess Festival 2014 "]
[Site "The Caleta Hotel - Gibraltar"]
[Date "2014.01.31"]
[Round "4.101"]
[White "Knudsen, Jes West"]
[Black "Van Den Bersselaar, Jeroen"]
[Result "0-1"]
[WhiteElo "1874"]
[BlackElo "2146"]
[PlyCount "54"]
[EventDate "2014.01.28"]

1. e4 c6 2. d4 d5 3. e5 Bf5 4. h4 h5 5. Bg5 Qb6 6. Bd3 Bxd3 7. Qxd3 e6 8. Nd2
c5 9. c4 Qa6 10. Ngf3 Nc6 11. dxc5 Bxc5 12. Qe2 Nge7 13. O-O Nf5 14. Rfc1 Bb6
15. Qf1 O-O 16. a3 Ncd4 17. c5 Ne2+ 18. Kh2 Nxc1 19. Qxa6 bxa6 20. Rxc1 Bc7 21.
b4 f6 22. Bf4 fxe5 23. Bxe5 Bxe5+ 24. Nxe5 Nd4 25. f3 Rf5 26. Nd3 Re8 27. c6
Rc8 0-1

[Event "Tradewise Gibraltar Chess Festival 2014 "]
[Site "The Caleta Hotel - Gibraltar"]
[Date "2014.01.31"]
[Round "4.102"]
[White "Cruz Fiallos, Hamilton Tarley"]
[Black "Allor, Chukwuka"]
[Result "1/2-1/2"]
[WhiteElo "1844"]
[BlackElo "2138"]
[PlyCount "70"]
[EventDate "2014.01.28"]

1. e4 c5 2. Nf3 d6 3. d4 cxd4 4. Nxd4 Nf6 5. Nc3 Nc6 6. f3 e5 7. Nb3 Be7 8. Bc4
O-O 9. Nd5 Nxd5 10. Bxd5 Nb4 11. c4 Qb6 12. Qe2 Nxa2 13. c5 Nxc1 14. cxb6 Nxe2
15. Rxa7 Rb8 16. Kxe2 Bd8 17. Rha1 Bxb6 18. Ra8 Be6 19. Rxb8 Rxb8 20. Nd2 Bxd5
21. exd5 f5 22. Rc1 Kf8 23. Kd3 Ke7 24. Nc4 Bd8 25. Ra1 Kd7 26. g4 g6 27. h4
fxg4 28. fxg4 Bxh4 29. Rh1 g5 30. Rf1 Ke7 31. Ne3 Rf8 32. Rxf8 Kxf8 33. Nf5 Bf2
34. Nxd6 b6 35. Ke4 Bc5 {No further sense can be made of the scoresheets}
1/2-1/2

[Event "Tradewise Gibraltar Chess Festival 2014 "]
[Site "The Caleta Hotel - Gibraltar"]
[Date "2014.01.31"]
[Round "4.103"]
[White "Kristinsson, Magnus"]
[Black "Samu, Sorin-Mihai"]
[Result "0-1"]
[WhiteElo "1741"]
[BlackElo "2131"]
[PlyCount "80"]
[EventDate "2014.01.28"]

1. d4 d6 2. c4 Nf6 3. Nc3 c6 4. Nf3 Nbd7 5. Bg5 e5 6. e4 Be7 7. Be2 O-O 8. h3
Re8 9. Qd2 Qc7 10. Bxf6 Nxf6 11. d5 a6 12. O-O Bd7 13. Ne1 Bf8 14. Qe3 Rab8 15.
b3 c5 16. f4 exf4 17. Rxf4 b5 18. g4 h6 19. Nf3 bxc4 20. Bxc4 Bb5 21. Nxb5 axb5
22. Rxf6 gxf6 23. Bd3 c4 24. Bc2 cxb3 25. Bxb3 Rbc8 26. Kh2 Qc3 27. Qxc3 Rxc3
28. Nd4 Rxe4 29. Nxb5 Re2+ 30. Kg1 Rxh3 31. Bd1 Rb2 32. a4 h5 33. Nd4 hxg4 34.
a5 Bh6 35. Nf5 Be3+ 36. Nxe3 Rxe3 37. Ba4 Rg3+ 38. Kf1 Rh3 39. Kg1 g3 40. a6 g2
0-1

[Event "Tradewise Gibraltar Chess Festival 2014 "]
[Site "The Caleta Hotel - Gibraltar"]
[Date "2014.01.31"]
[Round "4.104"]
[White "Becham, Khalid"]
[Black "Nordstrom, Hakon N"]
[Result "0-1"]
[WhiteElo "2122"]
[BlackElo "1835"]
[PlyCount "50"]
[EventDate "2014.01.28"]

1. e4 e6 2. d3 d5 3. Qe2 dxe4 4. dxe4 e5 5. Nf3 Nc6 6. h3 Nf6 7. Nc3 Bb4 8. Bd2
O-O 9. O-O-O a5 10. Bg5 Qe7 11. Nd5 Qe6 12. Bxf6 gxf6 13. c3 Bd6 14. Nh4 Ne7
15. Qh5 Kh8 16. Bc4 b5 17. Bxb5 c6 18. Nxe7 Bxe7 19. Bd3 Qxa2 20. Qe2 Rb8 21.
Bb1 Qa1 22. Rd2 Be6 23. c4 Ba3 24. Rhd1 Bxc4 25. Qxc4 Rxb2 0-1

[Event "Tradewise Gibraltar Chess Festival 2014 "]
[Site "The Caleta Hotel - Gibraltar"]
[Date "2014.01.31"]
[Round "4.106"]
[White "Neumanova, Monika"]
[Black "Baert, Andy"]
[Result "0-1"]
[WhiteElo "1719"]
[BlackElo "2104"]
[PlyCount "46"]
[EventDate "2014.01.28"]

1. d4 Nf6 2. c4 e6 3. Nc3 Bb4 4. f3 c5 5. d5 b5 6. e4 O-O 7. e5 Ne8 8. f4 d6 9.
Nf3 exd5 10. Qxd5 Qc7 11. cxb5 Bb7 12. Qd1 dxe5 13. Nxe5 Nf6 14. a3 Bxc3+ 15.
bxc3 Nbd7 16. Nxd7 Nxd7 17. Kf2 Nf6 18. c4 Rad8 19. Qc2 Rfe8 20. Be2 Ne4+ 21.
Kf1 Qe7 22. Kg1 Nd2 23. Bxd2 Qxe2 0-1